Представление документа в формате MARC21

Поле Инд. ПП Название Значение
Тип записи a
Библиографический уровень m
001 Контрольный номер RU/IS/BASE/331203312
005 Дата корректировки 20220805121050.9
040 b Код языка каталог. rus
041 0_ a Код языка текста rus
080 a Индекс УДК 004.42
084 a Индекс другой классификации/Индекс ББК 32.973.26-018.2
090 a Полочн. индекс 681.3
c Каталожный индекс 681.3.06
x Авторский знак М23
097 b Оператор 11
100 1_ a Автор Мансфилд Р.
245 10 a Заглавие Word for Windows 95 для профессионалов
250 a Основные сведения об издании 3-е изд.
260 a Место издания Киев
b Издательство Век+
260 a Место издания М.
b Издательство Энтроп
c Дата издания 1997
300 a Объем 592 с.
b Иллюстрации/ тип воспроизводства ил.
510 a Примечание о ссылках Книги и методические пособия
650 a Основная рубрика 50.41 Программное обеспечение вычислительных машин, комплексов и сетей
x Основная подрубрика 50.41.17 Системное программное обеспечение
653 a Ключевые слова Windows; программное обеспечение; программы (выч. техника); Word
901 t Тип документа m